Latein Endungen der O-Deklination (maskulinum) - Statistiken

Allgemein
  • Dieses Quiz wurde 159 mal gespielt
  • Das Durchschnittsergebnis liegt bei 6 aus 10
Antwortstatistiken
Kasus Endung % Korrekt
Nominativ Us
98%
Genitiv I
91%
Dativ O
78%
Akkusativ Um
76%
Ablativ O
68%
Nominativ I
60%
Genitiv Orum
44%
Dativ Is
34%
Akkusativ Os
31%
Ablativ Is
28%
Keine übereinstimmenden Quizze gefunden
Verteilung der Resultate
Anzahl Personen mit jedem Resultat
Perzentil nach korrekt beantworteten Fragen
Ihre Resultats-Entwicklung
Sie haben dieses Quiz noch nicht gespielt